00670cam a2200229 a 45000010009000000050017000090080041000260100017000670200018000840400018001020410008001200420008001280800015001360820019001511000007001701010008001772450067001859060045002529420012002979990017003099520114003261684577120180312082357.0110627s2013 njuab 000 0 eng  a 2011023932 a9780321780539 aDLCcDLCdDLC aeng apcc a512.9 SHE00a512.9 SHE223 a36 aMAT00aBeginning and intermediate algebra /cJohn Tobey ... [et al.]. a7bcbccorignewd1eecipf20gy-gencatlg 2ddccBK c44745d44745 00102udc40708PËKGa002b002cPËKGd2018-03-12l0o512.9 SHEp002-3001405r2018-03-12w2018-03-12yBK